Podaj prawidłową odpowiedź - Historia świata #2 - Statystyki

Ogólne statystyki
  • Ten quiz został rozwiązany 41 razy
  • Średni wynik to 8 z 15
Statystyki odpowiedzi
Wskazówka Pasujące odpowiedzi % Poprawnych
Kobieta-władczyni znana jako „Wielka” Katarzyna (Rosja) | Tamar (Gruzja)
91%
Główne państwa centralne w I wojnie światowej Niemcy | Austro-Węgry | Bułgaria | Imperium Osmańskie
85%
Prezydenci USA, którzy zostali zamordowani Abraham Lincoln | James Garfield | William McKinley | John F. Kennedy
82%
Imiona używane przez co najmniej 8 papieży Jan | Benedykt | Grzegorz | Innocenty | Pius | Leon | Klemens | Urban | Stefan | Bonifacy
82%
Grecki bóg, brat Zeusa Posejdon | Hades
67%
Sześć tak zwanych „kolebek cywilizacji” Andy | Chiny | Egipt | Dolina Indusu | Mezoameryka | Mezopotamia
64%
Jeden z „Pięciu dobrych cesarzy” starożytnego Rzymu (96 n.e. – 180 n.e.) Nerwa | Trajan | Hadrian | Oktawian August | Marek Aureliusz
48%
Style kolumn greckich Dorycki | Jonicki | Koryncki
45%
Rzeki tradycyjnie wyznaczające granicę Imperium Rzymskiego Dunaj | Eufrat | Ren
45%
Dynastie cesarskie, które rządziły całymi Chinami Qin | Zachodnia dynastia Han | Xin | Wschodnia dynastia Han | Zachodnia dynastia Jin | Sui | Tang | Wu Zhou | Północna dynastia Song | Yuan | Ming | Qing
39%
Statki, którymi Kolumb podróżował podczas swojej pierwszej podróży La Pinta | La Niña | La Santa María
39%
Stolice państw w Ameryce założone przed 1540 r. n.e. Santo Domingo | Hawana | Panama | Meksyk | Quito | Lima | Bogotá
33%
Najbardziej wartościowe amerykańskie firmy według kapitalizacji rynkowej w roku 1967 IBM | AT&T | Eastman Kodak | General Motors | Exxon
15%
Królewskie dynastie Francji Merowingowie | Karolingowie | Robertionowie | Bosonidowie | Kapetowie | Waloisowie | Bourbonowie | Bonapartowie | Orleanowie
15%
„Trzy B” muzyki klasycznej J. S. Bach | Ludwig van Beethoven | Johannes Brahms
6%
Nie znaleziono quizów pasujących do podanych kryteriów
Rozkład punktacji
Procent ludzi z każdym wynikiem
Percentyl według liczby udzielonych odpowiedzi
Twoja historia wyników
Nie rozwiązałeś tego quizu